[Event "Colombo Katubedda op"]
[Site "Colombo"]
[Date "2023.07.01"]
[Round "6"]
[White "Pathum, G Saranga"]
[Black "Liyanage, Pesandu Rashmitha"]
[Result "1/2-1/2"]
[WhiteElo "1656"]
[BlackElo "1893"]
[PlyCount "89"]
[EventDate "2023.06.29"]
[EventType "swiss"]
[EventRounds "9"]
[EventCountry "SRI"]
[SourceTitle "EXT 2024"]
[Source "ChessBase"]
[SourceDate "2023.10.10"]
[SourceVersion "1"]
[SourceVersionDate "2023.10.10"]
[SourceQuality "1"]

1. e4 c5 2. Nf3 d6 3. d4 cxd4 4. Nxd4 Nf6 5. f3 a6 6. c4 e6 7. Nc3 Nbd7 8. Be3 b6 9. Be2 Bb7 10. 0-0 Rc8 11. Rc1 Be7 12. Qe1 Qc7 13. Qf2 Qb8 14. Rfd1 0-0 15. g4 g6 16. g5 Nh5 17. f4 Nc5 18. Bxh5 gxh5 19. f5 Nxe4 20. Qh4 Nxc3 21. Rxc3 d5 22. f6 Bd6 23. Qxh5 Kh8 24. Nxe6 fxe6 25. g6 Bxh2+ 26. Qxh2 Qxh2+ 27. Kxh2 hxg6 28. Bd4 Kg8 29. Rh3 e5 30. Bxe5 Rxc4 31. Rg1 Rc2+ 32. Kg3 Bc8 33. Rh6 Bf5 34. Rgh1 g5 35. f7+ Kxf7 36. Rf6+ Ke7 37. Rxf8 Kxf8 38. Rf1 Ke7 39. Rxf5 Rd2 40. Rxg5 d4 41. Rg6 Rxb2 42. a3 Kd7 43. Bxd4 Rb3+ 44. Kf4 Rxa3 45. Ke4 1/2-1/2